| 000 | 00683cam a2200193 4500 | ||
|---|---|---|---|
| 001 | D2613 | ||
| 008 | 090401t1969 xxu||||| |||| 00| 0 eng d | ||
| 035 | _a(Sirsi) u69910 | ||
| 041 | _aeng | ||
| 050 | _a333.00601 | ||
| 110 |
_aCommonwealth Association of Surveying and Land Economy _92570 |
||
| 245 | _aReport of a Conference held in London in August 1968 to discuss the formation of the Association, together with a provisional constitution for the Association and proposals for establishing the Association in September 1969 | ||
| 260 |
_aLondon _bCASLE _c1969 |
||
| 300 | _a14p. 30cm | ||
| 350 | _a0 | ||
| 520 | _aShelved at F333.00601 | ||
| 942 | _n0 | ||
| 948 | _c04/03/1997 | ||
| 999 |
_c95250 _d95250 |
||